000 00696nam a2200253Ia 4500
003 OSt
005 20220924131752.0
006 a|||||r|||| 00| 0
007 ta
008 220923b |||||||| |||| 00| 0 tam d
020 _c75
024 _a351744
037 _cTextual
040 _aARTS
_cARTS
_btam
041 _2tam
_atam
082 _aO31,1C91:g, N7
100 _aVenkatraman Ka.Ko Au.
_9202823
245 0 _aSintamani Yaappu
_b(Allnilai Aaivu)
260 _avellore
_bKanimozhi Pathippakam India
_c1997
300 _a160p.
_ccm.
650 _aTAMIL LITERATURE
942 _hO31,1C91:g, N7
_cTEXL
_2CC
999 _c428137
_d428137